[Event "19th Delhi GM Open 2022"]
[Site "Delhi"]
[Date "2022.03.22"]
[Round "1.10"]
[White "Iniyan, P."]
[Black "Mahindrakar Indrajeet"]
[Result "1-0"]
[WhiteElo "2516"]
[BlackElo "2059"]
[Annotator "ChessBase"]
[PlyCount "73"]
[EventDate "2022.03.22"]
[EventType "swiss"]
[EventCountry "IND"]
[SourceTitle "playchess.com"]
[Source "ChessBase"]
[SourceQuality "1"]
[TimeControl "5400+30"]

1. e4 {[%emt 0:00:21]} e6 {[%emt 0:03:02]} 2. d4 {[%emt 0:00:24]} d5 {[%emt 0:00:15]} 3. Nc3 {[%emt 0:00:06]} Bb4 {[%emt 0:06:22]} 4. e5 {[%emt 0:01:09]} c5 {[%emt 0:00:20]} 5. a3 {[%emt 0:00:06]} Bxc3+ {[%emt 0:01:23]} 6. bxc3 {[%emt 0:05:36]} Qc7 {[%emt 0:00:17]} 7. h4 {[%emt 0:00:30]} Ne7 {[%emt 0:10:45]} 8. h5 {[%emt 0:01:00]} h6 {[%emt 0:02:39]} 9. Nf3 {[%emt 0:00:27]} b6 {[%emt 0:08:21]} 10. Bb5+ {[%emt 0:02:22]} Nd7 {[%emt 0:07:54]} 11. a4 {[%emt 0:00:32]} Nc6 {[%emt 0:04:35]} 12. Rh4 {[%emt 0:01:26]} cxd4 {[%emt 0:21:43]} 13. cxd4 {[%emt 0:04:00]} Nb4 {[%emt 0:03:05]} 14. Rb1 {[%emt 0:00:29]} Na2 {[%emt 0:01:49]} 15. Bd2 {[%emt 0:00:53]} Nc3 {[%emt 0:00:51]} 16. Bxc3 {[%emt 0:00:08]} Qxc3+ {[%emt 0:00:04]} 17. Kf1 {[%emt 0:01:01]} Bb7 {[%emt 0:04:51]} 18. Rb3 {[%emt 0:03:07]} Qc7 {[%emt 0:03:05]} 19. Rg4 {[%emt 0:00:04]} Rg8 {[%emt 0:12:18]} 20. Kg1 {[%emt 0:00:49]} Rc8 {[%emt 0:01:48]} 21. Ne1 {[%emt 0:02:18]} Bc6 {[%emt 0:02:20]} 22. Rc3 {[%emt 0:00:44]} Nb8 {[%emt 0:01:25]} 23. Rcg3 {[%emt 0:00:53]} Bxb5 {[%emt 0:00:54]} 24. axb5 {[%emt 0:00:08]} Qc4 {[%emt 0:00:42]} 25. Rxg7 {[%emt 0:00:31]} Rxg7 {[%emt 0:00:35]} 26. Rxg7 {[%emt 0:00:08]} Qxb5 {[%emt 0:00:14]} 27. Qf3 {[%emt 0:00:06]} Kd8 {[%emt 0:01:20]} 28. Qxf7 {[%emt 0:00:14]} Nd7 {[%emt 0:00:18]} 29. Qe7+ {[%emt 0:00:09]} Kc7 {[%emt 0:00:06]} 30. Qd6+ {[%emt 0:00:04]} Kb7 {[%emt 0:00:57]} 31. Rxd7+ {[%emt 0:00:21]} Ka6 {[%emt 0:00:19]} 32. Nd3 {[%emt 0:00:18]} Rc4 {[%emt 0:00:40]} 33. Qe7 {[%emt 0:00:24]} Qb1+ {[%emt 0:00:40]} 34. Kh2 {[%emt 0:00:06]} Qd1 {[%emt 0:00:29]} 35. Rxa7+ {[%emt 0:00:40]} Kb5 {[%emt 0:00:01]} 36. Qe8+ {[%emt 0:00:10]} Rc6 {[%emt 0:00:08]} 37. Ra2 {[%emt 0:00:29]} 1-0

[Event "19th Delhi GM Open 2022"]
[Site "Delhi"]
[Date "2022.03.22"]
[Round "1.11"]
[White "Sri Sai Baswanth P"]
[Black "Mosadeghpour, Masoud"]
[Result "0-1"]
[WhiteElo "2057"]
[BlackElo "2511"]
[Annotator "ChessBase"]
[PlyCount "89"]
[EventDate "2022.03.22"]
[EventType "swiss"]
[EventCountry "IND"]
[SourceTitle "playchess.com"]
[Source "ChessBase"]
[SourceQuality "1"]
[TimeControl "5400+30"]

1. c4 {[%emt 0:00:11]} g6 {[%emt 0:01:25]} 2. g3 {[%emt 0:00:28]} Bg7 {[%emt 0:00:16]} 3. Bg2 {[%emt 0:00:10]} Nf6 {[%emt 0:01:14]} 4. d4 {[%emt 0:00:30]} d5 {[%emt 0:01:30]} 5. cxd5 {[%emt 0:00:06]} Nxd5 {[%emt 0:00:05]} 6. Nf3 {[%emt 0:00:08]} O-O {[%emt 0:00:40]} 7. O-O {[%emt 0:00:08]} Nb6 {[%emt 0:00:10]} 8. Nc3 {[%emt 0:01:14]} Nc6 {[%emt 0:00:14]} 9. d5 {[%emt 0:00:40]} Na5 {[%emt 0:00:14]} 10. e4 {[%emt 0:04:20]} c6 {[%emt 0:00:26]} 11. Qe1 {[%emt 0:04:41]} cxd5 {[%emt 0:03:02]} 12. exd5 {[%emt 0:01:33]} Nxd5 {[%emt 0:06:59]} 13. Nxd5 {[%emt 0:00:16]} Qxd5 {[%emt 0:00:08]} 14. Qxe7 {[%emt 0:00:47]} Bg4 {[%emt 0:06:02]} 15. Ng5 {[%emt 0:15:18]} Qd7 {[%emt 0:28:11]} 16. Qxd7 {[%emt 0:07:22]} Bxd7 {[%emt 0:00:03]} 17. Bd2 {[%emt 0:00:05]} Nc6 {[%emt 0:01:31]} 18. Rac1 {[%emt 0:00:44]} Rad8 {[%emt 0:07:24]} 19. Be3 {[%emt 0:09:32]} h6 {[%emt 0:10:58]} 20. Ne4 {[%emt 0:00:51]} b6 {[%emt 0:04:12]} 21. Rfd1 {[%emt 0:00:41]} Bxb2 {[%emt 0:11:53]} 22. Bxh6 {[%emt 0:09:11]} Bf5 {[%emt 0:10:53]} 23. Nf6+ {[%emt 0:08:37]} Bxf6 {[%emt 0:00:58]} 24. Bxf8 {[%emt 0:00:05]} Nd4 {[%emt 0:00:21]} 25. Bh6 {[%emt 0:02:20]} Ne2+ {[%emt 0:00:15]} 26. Kf1 {[%emt 0:00:40]} Nxc1 {[%emt 0:00:10]} 27. Rxd8+ {[%emt 0:01:06]} Bxd8 {[%emt 0:00:06]} 28. Bxc1 {[%emt 0:00:04]} Be6 {[%emt 0:00:59]} 29. a3 {[%emt 0:00:26]} Be7 {[%emt 0:00:36]} 30. Bb2 {[%emt 0:00:48]} Bc5 {[%emt 0:01:15]} 31. Bf3 {[%emt 0:01:40]} Bc4+ {[%emt 0:00:29]} 32. Be2 {[%emt 0:00:21]} Bxe2+ {[%emt 0:01:00]} 33. Kxe2 {[%emt 0:00:05]} b5 {[%emt 0:00:06]} 34. f4 {[%emt 0:00:33]} a5 {[%emt 0:00:36]} 35. g4 {[%emt 0:01:05]} a4 {[%emt 0:00:31]} 36. Kd3 {[%emt 0:00:30]} f5 {[%emt 0:00:38]} 37. h3 {[%emt 0:01:05]} Kf7 {[%emt 0:00:15]} 38. g5 {[%emt 0:01:59]} Ke6 {[%emt 0:00:47]} 39. h4 {[%emt 0:00:09]} Kd5 {[%emt 0:00:58]} 40. Ke2 {[%emt 0:03:28]} b4 {[%emt 0:01:18]} 41. axb4 {[%emt 0:00:11]} Bxb4 {[%emt 0:00:01]} 42. Kf3 {[%emt 0:00:17]} a3 {[%emt 0:00:49]} 43. Ba1 {[%emt 0:03:00]} Bd2 {[%emt 0:01:04]} 44. h5 {[%emt 0:05:42]} gxh5 {[%emt 0:00:05]} 45. g6 {[%emt 0:00:15]} 0-1

[Event "19th Delhi GM Open 2022"]
[Site "Delhi"]
[Date "2022.03.22"]
[Round "1.12"]
[White "Mitrabha, Guha"]
[Black "Purushothaman, Thirumalai"]
[Result "1-0"]
[WhiteElo "2510"]
[BlackElo "2055"]
[Annotator "ChessBase"]
[PlyCount "93"]
[EventDate "2022.03.22"]
[EventType "swiss"]
[EventCountry "IND"]
[SourceTitle "playchess.com"]
[Source "ChessBase"]
[SourceQuality "1"]
[TimeControl "5400+30"]

1. d4 {[%emt 0:00:54]} Nf6 {[%emt 0:00:53]} 2. c4 {[%emt 0:00:16]} g6 {[%emt 0:00:08]} 3. g3 {[%emt 0:00:03]} Bg7 {[%emt 0:00:20]} 4. Bg2 {[%emt 0:00:04]} d5 {[%emt 0:00:41]} 5. Nf3 {[%emt 0:00:24]} O-O {[%emt 0:00:11]} 6. O-O {[%emt 0:00:04]} c6 {[%emt 0:00:07]} 7. Qb3 {[%emt 0:00:10]} dxc4 {[%emt 0:05:07]} 8. Qxc4 {[%emt 0:00:28]} Nbd7 {[%emt 0:00:37]} 9. Nc3 {[%emt 0:00:18]} Nb6 {[%emt 0:00:31]} 10. Qd3 {[%emt 0:00:18]} Be6 {[%emt 0:01:29]} 11. Rd1 {[%emt 0:00:12]} Bc4 {[%emt 0:00:39]} 12. Qc2 {[%emt 0:00:06]} Nfd5 {[%emt 0:00:39]} 13. e4 {[%emt 0:00:56]} Nc7 {[%emt 0:02:24]} 14. Be3 {[%emt 0:00:17]} f5 {[%emt 0:01:39]} 15. Bf4 {[%emt 0:02:38]} fxe4 {[%emt 0:02:51]} 16. Nxe4 {[%emt 0:00:04]} Rxf4 {[%emt 0:05:23]} 17. gxf4 {[%emt 0:00:09]} Ne6 {[%emt 0:00:20]} 18. f5 {[%emt 0:08:37]} Nf4 {[%emt 0:00:22]} 19. fxg6 {[%emt 0:01:51]} hxg6 {[%emt 0:00:19]} 20. Ne5 {[%emt 0:07:39]} Bd5 {[%emt 0:06:24]} 21. Ng4 {[%emt 0:12:05]} Qd7 {[%emt 0:02:34]} 22. Ne3 {[%emt 0:01:17]} Rf8 {[%emt 0:00:38]} 23. a4 {[%emt 0:01:30]} Nh3+ {[%emt 0:01:14]} 24. Bxh3 {[%emt 0:00:43]} Qxh3 {[%emt 0:00:12]} 25. Ra3 {[%emt 0:00:35]} Qh4 {[%emt 0:03:24]} 26. Nxd5 {[%emt 0:00:55]} Nxd5 {[%emt 0:00:19]} 27. Rg3 {[%emt 0:00:05]} Rf4 {[%emt 0:00:34]} 28. Ng5 {[%emt 0:01:09]} Rf5 {[%emt 0:01:38]} 29. Ne6 {[%emt 0:00:22]} Qh5 {[%emt 0:01:14]} 30. Re1 {[%emt 0:00:35]} Bf6 {[%emt 0:00:44]} 31. Qb3 {[%emt 0:01:13]} Kf7 {[%emt 0:01:20]} 32. Re4 {[%emt 0:01:18]} Qh6 {[%emt 0:08:54]} 33. f4 {[%emt 0:30:28]} b6 {[%emt 0:23:42]} 34. a5 {[%emt 0:01:48]} Rh5 {[%emt 0:07:56]} 35. h3 {[%emt 0:00:48]} Rf5 {[%emt 0:04:33]} 36. Kh2 {[%emt 0:00:52]} Qh8 {[%emt 0:04:53]} 37. axb6 {[%emt 0:03:26]} axb6 {[%emt 0:00:22]} 38. Qd1 {[%emt 0:00:24]} Bh4 {[%emt 0:01:54]} 39. Rg2 {[%emt 0:01:36]} Rh5 {[%emt 0:01:38]} 40. Qg4 {[%emt 0:00:19]} Rh6 {[%emt 0:00:26]} 41. Ng5+ {[%emt 0:00:30]} Bxg5 {[%emt 0:02:20]} 42. fxg5 Qb8+ {[%emt 0:00:12]} 43. Kh1 {[%emt 0:00:57]} Rh8 {[%emt 0:00:27]} 44. Rf2+ {[%emt 0:00:24]} Kg7 {[%emt 0:00:19]} 45. Qf3 {[%emt 0:01:14]} Rh7 {[%emt 0:01:12]} 46. Kg2 {[%emt 0:02:02]} Kg8 {[%emt 0:01:54]} 47. Re6 {[%emt 0:00:40]} 1-0

[Event "19th Delhi GM Open 2022"]
[Site "Delhi"]
[Date "2022.03.22"]
[Round "1.13"]
[White "Hemanth Raam"]
[Black "Arjun Kalyan"]
[Result "0-1"]
[WhiteElo "2043"]
[BlackElo "2506"]
[Annotator "ChessBase"]
[PlyCount "72"]
[EventDate "2022.03.22"]
[EventType "swiss"]
[EventCountry "IND"]
[SourceTitle "playchess.com"]
[Source "ChessBase"]
[SourceQuality "1"]
[TimeControl "5400+30"]

1. e4 {[%emt 0:00:03]} c5 {[%emt 0:00:08]} 2. Nf3 {[%emt 0:00:06]} d6 {[%emt 0:00:04]} 3. d4 {[%emt 0:00:05]} cxd4 {[%emt 0:00:05]} 4. Nxd4 {[%emt 0:00:04]} Nf6 {[%emt 0:00:05]} 5. Nc3 {[%emt 0:00:06]} a6 {[%emt 0:00:14]} 6. Nb3 {[%emt 0:03:33]} e6 {[%emt 0:02:11]} 7. Be3 {[%emt 0:03:30]} b5 {[%emt 0:02:31]} 8. a4 {[%emt 0:02:27]} b4 {[%emt 0:01:07]} 9. Na2 {[%emt 0:00:04]} Nc6 {[%emt 0:03:25]} 10. Bd3 {[%emt 0:01:14]} Bb7 {[%emt 0:02:50]} 11. O-O {[%emt 0:07:02]} d5 {[%emt 0:03:59]} 12. exd5 {[%emt 0:14:08]} Qxd5 {[%emt 0:03:25]} 13. c4 {[%emt 0:00:52]} Qd7 {[%emt 0:15:28]} 14. Qc2 {[%emt 0:14:05]} Qc7 {[%emt 0:05:51]} 15. Be2 {[%emt 0:07:24]} Bd6 {[%emt 0:01:54]} 16. h3 {[%emt 0:00:05]} O-O {[%emt 0:00:18]} 17. Rfd1 {[%emt 0:01:32]} Rfd8 {[%emt 0:06:30]} 18. c5 {[%emt 0:08:03]} Be7 {[%emt 0:05:16]} 19. Bf3 {[%emt 0:06:42]} a5 {[%emt 0:01:34]} 20. Rxd8+ {[%emt 0:01:42]} Nxd8 {[%emt 0:04:15]} 21. Bxb7 {[%emt 0:01:04]} Qxb7 {[%emt 0:02:16]} 22. Nac1 {[%emt 0:01:54]} Nd5 {[%emt 0:00:58]} 23. Qe2 {[%emt 0:04:07]} Nc6 {[%emt 0:05:28]} 24. Nd3 {[%emt 0:02:44]} Bf6 {[%emt 0:05:46]} 25. Rc1 {[%emt 0:05:56]} Rd8 {[%emt 0:01:51]} 26. Rc2 {[%emt 0:02:01]} Qd7 {[%emt 0:04:15]} 27. Rd2 {[%emt 0:04:24]} e5 {[%emt 0:01:33]} 28. Ne1 {[%emt 0:01:13]} e4 {[%emt 0:04:19]} 29. Nc2 {[%emt 0:04:30]} Bxb2 {[%emt 0:02:58]} 30. Bg5 {[%emt 0:02:50]} f6 {[%emt 0:00:10]} 31. Qxe4 {[%emt 0:01:05]} fxg5 {[%emt 0:01:51]} 32. Ne3 {[%emt 0:00:01]} Bd4 {[%emt 0:05:05]} 33. Nxd4 {[%emt 0:00:30]} Nc3 {[%emt 0:00:01]} 34. Nxc6 {[%emt 0:01:45]} Nxe4 {[%emt 0:00:02]} 35. Rxd7 {[%emt 0:00:25]} Rxd7 {[%emt 0:00:01]} 36. Nxa5 {[%emt 0:00:06]} Nxc5 {[%emt 0:00:06]} 0-1

[Event "19th Delhi GM Open 2022"]
[Site "Delhi"]
[Date "2022.03.22"]
[Round "1.14"]
[White "Harsha Bharathakoti"]
[Black "Shiva Pavan Teja Sharma U"]
[Result "1-0"]
[WhiteElo "2499"]
[BlackElo "2022"]
[Annotator "ChessBase"]
[PlyCount "77"]
[EventDate "2022.03.22"]
[EventType "swiss"]
[EventCountry "IND"]
[SourceTitle "playchess.com"]
[Source "ChessBase"]
[SourceQuality "1"]
[TimeControl "5400+30"]

1. Nf3 {[%emt 0:00:38]} Nf6 {[%emt 0:00:17]} 2. g3 {[%emt 0:00:32]} b6 {[%emt 0:00:40]} 3. Bg2 {[%emt 0:00:19]} Bb7 {[%emt 0:00:17]} 4. c4 {[%emt 0:01:37]} c5 {[%emt 0:00:38]} 5. Nc3 {[%emt 0:00:23]} e6 {[%emt 0:01:23]} 6. O-O {[%emt 0:00:37]} a6 {[%emt 0:03:00]} 7. d4 {[%emt 0:02:19]} cxd4 {[%emt 0:00:09]} 8. Qxd4 {[%emt 0:00:03]} d6 {[%emt 0:00:42]} 9. Rd1 {[%emt 0:00:18]} Be7 {[%emt 0:04:59]} 10. Ng5 {[%emt 0:06:12]} Bxg2 {[%emt 0:01:42]} 11. Kxg2 {[%emt 0:00:03]} Nc6 {[%emt 0:00:20]} 12. Qf4 {[%emt 0:00:04]} O-O {[%emt 0:00:39]} 13. Nce4 {[%emt 0:06:08]} Ne8 {[%emt 0:03:59]} 14. b3 {[%emt 0:03:55]} Ra7 {[%emt 0:00:36]} 15. Bb2 {[%emt 0:05:40]} Rd7 {[%emt 0:07:23]} 16. Nf3 {[%emt 0:09:55]} h6 {[%emt 0:02:22]} 17. h4 {[%emt 0:08:50]} f5 {[%emt 0:01:10]} 18. Nc3 {[%emt 0:01:13]} Bf6 {[%emt 0:12:18]} 19. Qe3 {[%emt 0:02:24]} e5 {[%emt 0:05:10]} 20. Nd5 {[%emt 0:02:54]} f4 {[%emt 0:08:19]} 21. Qe4 {[%emt 0:07:32]} Ne7 {[%emt 0:02:31]} 22. gxf4 exf4 {[%emt 0:03:56]} 23. Qe6+ {[%emt 0:16:54]} Kh8 {[%emt 0:01:09]} 24. Bxf6 {[%emt 0:02:49]} Nxf6 {[%emt 0:00:35]} 25. Nxf4 {[%emt 0:00:05]} Qe8 {[%emt 0:06:13]} 26. Rxd6 {[%emt 0:03:32]} Ng6 {[%emt 0:00:51]} 27. Nxg6+ {[%emt 0:03:11]} Qxg6+ {[%emt 0:00:07]} 28. Kf1 {[%emt 0:00:23]} Rxd6 {[%emt 0:01:28]} 29. Qxd6 {[%emt 0:00:02]} Re8 {[%emt 0:00:19]} 30. Rd1 {[%emt 0:06:48]} Qg4 {[%emt 0:03:35]} 31. Qg3 {[%emt 0:03:15]} Qe4 {[%emt 0:01:12]} 32. Nd4 {[%emt 0:00:03]} Nh5 {[%emt 0:02:44]} 33. Qf3 {[%emt 0:00:11]} Qxh4 {[%emt 0:01:14]} 34. Nf5 {[%emt 0:01:12]} Qg5 {[%emt 0:00:51]} 35. Nd6 {[%emt 0:00:20]} Re7 {[%emt 0:03:21]} 36. Nf7+ {[%emt 0:00:08]} Rxf7 {[%emt 0:00:06]} 37. Qxf7 {[%emt 0:00:02]} Nf4 {[%emt 0:00:47]} 38. Qe8+ {[%emt 0:00:04]} Kh7 {[%emt 0:00:25]} 39. Qe4+ {[%emt 0:00:03]} 1-0

[Event "19th Delhi GM Open 2022"]
[Site "Delhi"]
[Date "2022.03.23"]
[Round "2.1"]
[White "Erigaisi Arjun"]
[Black "Karthikeyan, P.."]
[Result "1-0"]
[WhiteElo "2633"]
[BlackElo "2396"]
[Annotator "TA"]
[PlyCount "123"]
[EventDate "2022.03.22"]
[EventType "swiss"]
[EventCountry "IND"]
[SourceTitle "playchess.com"]
[Source "ChessBase"]
[SourceQuality "1"]

{[%evp 24,123,48,42,48,28,35,43,24,19,32,31,106,120,105,73,81,77,88,61,95,43,130,119,120,65,129,120,113,89,141,141,141,77,156,141,158,128,177,176,189,161,187,154,237,223,353,283,280,235,314,190,254,179,243,122,275,245,252,193,200,200,198,162,213,210,239,222,249,164,235,227,175,161,162,156,140,94,135,87,94,0,120,94,102,63,127,99,155,150,626,618,625,610,585,523,523,504,433,412,29997,29998]} 1. e4 c5 2. Nf3 e6 3. d4 cxd4 4. Nxd4 Nc6 5. Nc3 Qc7 6. g3 a6 7. Bg2 Nf6 8. O-O Nxd4 9. Qxd4 Bc5 10. Bf4 d6 11. Qd2 h6 12. Rad1 e5 13. Be3 Bb4 {B47: Sicilian: Taimanov: 5 Nc3 Qc7 6 f4, 6 g3 and 6 Be2.} 14. a3 (14. Nb5 {feels hotter.} axb5 15. Qxb4 Rxa2 16. Rxd6 O-O 17. Rd2) 14... Bxc3 15. Qxc3 Qxc3 {White is slightly better.} 16. bxc3 Be6 17. Rxd6 Nd7 (17... Rc8 $14) 18. f4 {White is more active.} Ke7 19. fxe5 {[#]} Rhc8 $146 ({Predecessor:} 19... Rac8 20. Bd4 f6 21. Rxe6+ Kxe6 22. Bh3+ Ke7 23. exf6+ gxf6 24. Bxd7 Kxd7 25. Rxf6 Rh7 {0-1 (48) Fernandez Torre,I (2154)-Borges,G (2130) Gijon 2021}) 20. Bd4 Rc7 21. Rb1 {[%cal Od6d5]} Rac8 {[#]} 22. Kf2 (22. Rd5 $1 $16) 22... Rf8 (22... f6 $14) 23. Ke3 Rfc8 24. Kd2 (24. a4 $16) 24... Ba2 (24... f6 $14) 25. Rb2 $16 Be6 26. a4 Ke8 (26... f6 $142) 27. Bf1 Ke7 {[#]} 28. a5 (28. Rd5 $142 $1) 28... Ke8 (28... f6 $142) 29. Bd3 Ke7 30. Ke3 Ke8 (30... f6 $16) 31. c4 $18 Ra8 32. Rb4 Rac8 33. h4 g5 (33... Nb8 $16 34. Rbb6 Nc6) 34. Rb1 Nb8 (34... Kf8 $142 35. hxg5 hxg5) 35. hxg5 hxg5 36. Rh1 Kf8 37. Kf2 Kg7 (37... Nc6 $142 38. Bc3 Ne7) 38. Be3 Nc6 (38... Nd7 {keeps fighting.} 39. Rh2 (39. Bxg5 Nxe5 40. Bd8 Rc6 $16) 39... Rh8 40. Rxh8 Kxh8 41. Bxg5 Kg8) 39. Rh5 ({Resist} 39. Bxg5 $6 Nxe5 40. Bd8 Rc6 41. Rxc6 Rxc6 $16) (39. Be2 $18) 39... Nxa5 $2 (39... Nxe5 $16 {might work better.} 40. Rxg5+ Kf6) 40. Rxg5+ Kf8 41. Bb6 Nxc4 42. Bxc7 Rxc7 43. Rd4 Ke7 (43... Na3 {is a better defense.} 44. Be2 Rxc2) 44. Kf3 Na3 45. Rb4 b5 46. Rb2 Kf8 (46... Nc4 $142 47. Bxc4 Bxc4) 47. Rh5 Kg7 48. Rh1 {And now Ra1 would win.} a5 49. Ke3 ({But not} 49. Bxb5 Rb7 $14) 49... Rc3 50. Kd4 (50. Kf4 $142 b4 51. Rd1) 50... b4 $16 {[#]} 51. Rf1 (51. g4 $142 $1) 51... Kg6 52. Rh1 {Strongly threatening Rh8.} Kg7 {To avoid Rh8} 53. Rh2 Rc8 54. g4 {[%cal Bg3g4,Bg4g5][%mdl 32]} Kg6 ({Better is} 54... Nc4 $14 55. Bxc4 Rxc4+ 56. Kd3 a4) 55. g5 Rc3 {[#]} (55... Nc4 $142 56. Bxc4 Rxc4+ 57. Ke3 a4) 56. Rh8 $1 {Threatens to win with Rg8+.} Nc4 $2 (56... Kxg5 $16 57. Ra8 Kf4 58. Rxa5 Nc4) 57. Rb1 $18 Nd2 58. Rbh1 {[%cal Rh8g8]} Kxg5 59. Rg8+ Kf4 {[%cal Rd2f3]} 60. Rh4+ Kf3 61. Rh2 {Threatening mate with Be2+.} ({Much less strong is} 61. Rh6 Rxd3+ 62. Kxd3 Nxe4 $18) 61... Nc4 (61... Rxd3+ $18 62. Kxd3 Nxe4) 62. Be2+ {Weighted Error Value: White=0.26 (precise) /Black=0.54} 1-0

[Event "19th Delhi GM Open 2022"]
[Site "Delhi"]
[Date "2022.03.23"]
[Round "2.2"]
[White "Sidhant, Mohapatra"]
[Black "Ponkratov, Pavel"]
[Result "1/2-1/2"]
[WhiteElo "2359"]
[BlackElo "2641"]
[Annotator "TA"]
[PlyCount "63"]
[EventDate "2022.03.22"]
[EventType "swiss"]
[EventCountry "IND"]
[SourceTitle "playchess.com"]
[Source "ChessBase"]
[SourceQuality "1"]

{[%evp 10,63,14,9,15,9,28,35,46,24,20,27,151,1,0,0,0,0,0,7,0,0,12,0,0,0,0,0,0,0,0,0,0,0,0,0,3,2,23,0,0,0,5,0,0,0,12,0,0,0,0,0,0,0,0,0]} 1. e4 e6 2. d4 d5 3. Nc3 Bb4 4. exd5 exd5 5. Bd3 c6 6. Nf3 Ne7 {6...Ne7 is better than 6...Nf6. C01: French: Exchange Variation.} 7. O-O Bg4 8. Re1 Nd7 {[%cal Bb8d7,Bd7f8,Bf8e6][%mdl 32] White is slightly better.} 9. Bf4 Nf8 10. a3 {[#]} Bd6 $146 {[#]} (10... Bxc3 $11 11. bxc3 Ne6) ({Predecessor:} 10... Bxc3 11. bxc3 Nfg6 12. Bxg6 hxg6 13. Qb1 Bxf3 14. Qxb7 O-O 15. Rxe7 Be4 16. Re1 Qc8 17. Qxc8 Rfxc8 {1-0 (52) Glek,I (2515)-Sher,M (2475) Dortmund 1992}) 11. Bxd6 {White is much more active.} (11. Nxd5 $1 $16 {[%mdl 512]} Ne6 12. Bxd6 Nxd5 13. Be5 (13. Bc5 Qf6 $16)) 11... Qxd6 $11 12. h3 Bxf3 13. Qxf3 ({Much worse is} 13. gxf3 Ne6 14. Ne2 Ng6 $17) 13... Ne6 14. Ne2 O-O 15. c3 f5 {[%cal Bf7f5,Bf5e4,Be4f3][%mdl 32]} 16. Ng3 {[%cal Rg3f5]} Ng5 17. Qe2 Ne4 18. Nxe4 fxe4 19. f3 exf3 20. Qe6+ ({Don't go for} 20. Bxh7+ $2 Kxh7 21. Qf2 Ng6 $19) 20... Qxe6 21. Rxe6 Rf7 22. g3 Raf8 23. Kf2 Nc8 24. Rae1 {[%mdl 1024] White has compensation.} Nb6 {The position is equal.} 25. b3 a5 26. a4 g6 27. Re8 Nc8 28. Rxf8+ Kxf8 29. Re3 Kg7 30. h4 Nd6 31. g4 b5 32. Re6 {Weighted Error Value: White=0.10 (very precise) /Black=0.13 (very precise)} 1/2-1/2

[Event "19th Delhi GM Open 2022"]
[Site "Delhi"]
[Date "2022.03.23"]
[Round "2.3"]
[White "Gupta, Abhijeet"]
[Black "Padmini, Rout"]
[Result "1/2-1/2"]
[WhiteElo "2628"]
[BlackElo "2350"]
[Annotator "TA"]
[PlyCount "150"]
[EventDate "2022.03.22"]
[EventType "swiss"]
[EventCountry "IND"]
[SourceTitle "playchess.com"]
[Source "ChessBase"]
[SourceQuality "1"]

{[%evp 9,150,2,0,0,11,9,25,16,15,22,25,22,25,22,16,31,32,11,43,33,68,54,68,0,0,0,34,18,13,23,119,87,98,91,261,217,244,0,0,-25,-34,-44,118,118,112,97,144,85,129,108,101,115,112,35,35,33,33,33,28,21,35,32,35,33,35,29,59,0,0,0,0,0,0,0,0,0,0,0,0,0,0,0,0,0,0,0,0,0,88,88,86,83,86,34,28,8,8,0,0,0,8,0,9,0,8,8,8,8,8,8,8,8,8,8,8,8,8,8,8,8,8,8,8,8,8,8,8,0,8,8,8,8,8,8,8,8,8,8,8,8,8,8,8]} 1. d4 Nf6 2. Nf3 e6 3. Bf4 d5 4. e3 c5 5. c3 Bd6 6. Nbd2 {D02: 1 d4 d5 2 Nf3 sidelines, including 2...Nf6 3 g3 and 2...Nf6 3 Bf4.} O-O $1 {6...0-0 scores better than 6...Qc7.} 7. Bd3 Qc7 8. Bxd6 {White has an edge.} Qxd6 9. Ne5 b6 10. f4 Ba6 11. Bc2 Nc6 12. g4 Rac8 {[#]} 13. g5 $146 ({Predecessor:} 13. Rg1 Nd7 14. Ndf3 f6 15. Nxc6 Rxc6 16. g5 f5 17. Kf2 cxd4 18. cxd4 Rfc8 19. Ba4 {1-0 (52) Carlsen,M (2863)-Sunilduth Lyna,N (2618) chess24.com INT 2020}) 13... Ne8 (13... Nxe5 $2 14. fxe5 Qd8 15. gxf6 $18) (13... Nd7 $5 {[%cal Rc5d4]}) 14. h4 (14. Qh5 g6 15. Qd1 cxd4 16. exd4 Ng7 $15) 14... Rc7 15. Rg1 {White is more active.} (15. Qh5 g6 16. Qd1 cxd4 17. exd4 f6 18. Nxc6 Rxc6 $15) 15... f5 16. gxf6 (16. h5 $14) 16... Nxf6 17. h5 h6 18. Bg6 cxd4 19. exd4 Nxd4 20. cxd4 $16 {Hoping for Rc1.} Qb4 {[%csl LRb2,LRd4]} 21. Nef3 (21. Rg3 $6 Qxb2 22. Rb1 Qxd4 $11) 21... Ne4 $2 (21... Qxb2 $16 {is a better defense.} 22. Rb1 Qc3) 22. Qb3 $18 Qd6 23. Bxe4 $2 (23. Nxe4 $6 dxe4 24. Bxe4 Qxf4 25. Qxe6+ Kh8) (23. Rg4 $18) 23... dxe4 $11 24. Nxe4 Qxf4 25. Ned2 Kh8 $2 (25... Bb7 $1 $15 {keeps the upper hand.} 26. Rf1 (26. Qxe6+ $2 Rff7 $19) 26... Qg3+ 27. Rf2 (27. Kd1 Qh3 $17) 27... Bd5) 26. Kd1 $1 $16 ({Stronger than} 26. Qxe6 Rcc8 27. Rg4 Rce8 $1 28. Rxf4 Rxe6+ 29. Re4 Rxe4+ 30. Nxe4 Rxf3 $15) 26... Qf5 27. Rc1 Rxc1+ 28. Kxc1 Bb7 (28... Be2 $142 29. Qc3 e5) 29. Rf1 Rc8+ 30. Kd1 Bd5 31. Qe3 ({White should play} 31. Qa3 $16) 31... Qc2+ $14 32. Ke1 Qxb2 33. Ne5 {[%cal Bf3e5,Be5g6,Bg6e7][%mdl 32] Black must now prevent Ke2.} Rc1+ 34. Ke2 Rxf1 35. Kxf1 Qxa2 36. Ng6+ {Pair of Knights!} Kh7 37. Qd3 {Strongly threatening Ne7+.} Qa1+ 38. Kf2 (38. Ke2 $1 $14 Qg1 39. Ne7+ Kh8 40. Qc3 (40. Qg6 Qxg6 41. hxg6 b5 $16) 40... Qg4+ 41. Kd3 Qh3+ 42. Kc2 Qxc3+ 43. Kxc3) 38... Qd1 $11 (38... Qh1 $2 39. Ne7+ Kh8 40. Qg3 $18) 39. Ne7+ Kh8 40. Qc3 {White wants to mate with Qc8+. Chess con chili.} Kh7 41. Qd3+ Kh8 42. Qc3 Kh7 43. Nxd5 exd5 44. Nf3 Qb1 45. Qc7 a5 46. Qc6 Qf5 47. Qxb6 a4 48. Qa6 Qxh5 (48... Qc2+ $1 $11 49. Kg3 Qc7+ 50. Kh3 Qc2) 49. Qxa4 $16 {And now Qd7 would win.} Qf5 {[#] Inhibits Qd7.} 50. Qe8 $1 {aiming for Kg3.} g5 {[#]} 51. Qe5 (51. Ke2 $1 $16) 51... Kg6 $1 $14 52. Qd6+ Kh5 {The position is equal.} 53. Kg3 Qg4+ 54. Kf2 Qf5 55. Qe5 Kg4 56. Qe2 h5 57. Kg2 Qe4 58. Qxe4+ dxe4 $11 {[%mdl 4096] Endgame KN-K3P} 59. Ne5+ Kf5 60. Nc4 Ke6 {Threatens to win with ...Kd5.} 61. Ne3 Kf6 62. Kf2 Ke6 63. Nf1 $1 {White threatens Ke3 and mate.} h4 $1 64. Ne3 Kd6 65. Ng4 {Ke3 would kill now.} Ke6 $1 66. Ke3 Kf5 67. Nh6+ Kg6 68. Ng4 Kf5 69. Nf2 g4 70. Nxe4 {Threatening mate with Nc3. KN-KPP} g3 71. d5 g2 {[#]} 72. Kf2 $1 {[%cal Of2g2]} h3 $1 {[#]} 73. d6 $1 {Intending d7 and mate.} Ke6 (73... Kxe4 $2 74. d7 Kd5 75. d8=Q+ Kc4 76. Qh4+ Kd5 77. Qxh3 g1=B+ 78. Kxg1) 74. Kg1 Kd7 75. Kh2 Ke6 {Weighted Error Value: White=0.12 (very precise) /Black=0.19 (very precise)} 1/2-1/2